Về vai trò và nhiệm vụ của thanh niên
Gồm những bài nói và viết chọn lọc của Hồ Chí Minh về vấn đề thanh niên, từ năm 1925 đến năm 1969 theo thứ tự thời gian
Đã lưu trong:
| 主要作者: | |
|---|---|
| 格式: | 圖書 |
| 語言: | Vietnamese |
| 出版: |
H.
Sự thật
1978
|
| 主題: | |
| 標簽: |
添加標簽
沒有標簽, 成為第一個標記此記錄!
|
| Thư viện lưu trữ: | Mạng thư viện Đại học Đà Nẵng |
|---|
| LEADER | 01212nam a22003378a 4500 | ||
|---|---|---|---|
| 001 | 000007489 | ||
| 003 | 3651 | ||
| 005 | 20120524160516.0 | ||
| 008 | 111004s1978 b 000 0 vieod | ||
| 020 | |c 8000đ |d 28.185b | ||
| 041 | 0 | |a vie | |
| 082 | |a 335.4346 |b HÔ-M | ||
| 084 | |a A | ||
| 100 | 1 | |a Hồ Chí Minh | |
| 245 | 1 | 0 | |a Về vai trò và nhiệm vụ của thanh niên |c Hồ Chí Minh |
| 260 | |a H. |b Sự thật |c 1978 | ||
| 300 | |a 103tr : chân dung |c 19cm | ||
| 520 | |a Gồm những bài nói và viết chọn lọc của Hồ Chí Minh về vấn đề thanh niên, từ năm 1925 đến năm 1969 theo thứ tự thời gian | ||
| 653 | |a Thanh niên | ||
| 653 | |a Hồ Chí Minh | ||
| 910 | |a Nguyễn Thị Kim Oanh |d 04/10/2011 | ||
| OWN | |a LSP | ||
| AVA | |a UDN50 |b LSP |d 335.4346 HÔ-M |e available |t Error 5001 Not defined in file expand_doc_bib_avail. |f 2 |g 1 |h N |i 0 |k 1 | ||
| 999 | |a From the UDN01 | ||
| AVA | |a UDN50 |b LSP |d 335.4346 HÔ-M |e available |t Error 5001 Not defined in file expand_doc_bib_avail. |f 2 |g 1 |h N |i 0 |k 1 | ||
| TYP | |a Monograph | ||
| TYP | |a Printed language | ||
| 980 | |a Mạng thư viện Đại học Đà Nẵng | ||